000
00288nam a2200109Ia 4500
008
200302s9999 xx 000 0 und d
100
_a
Frank Kreith & Other
245
_a
Hand Book of Solid Waste Management
260
_b
Tata Mcgraw-Hill Publishing Co.
260
_c
1994
300
_a
140 P.,
999
_c
1608
_d
1608